Представление документа в формате RUSMARC

ПолеНазваниеЗначение
  Тип записи a
  Библиографический уровень a
001 Контрольный номер RU/CBS_UL/BASE/554054534
005 Дата корректировки 20240209175214.6
100 Данные общей обработки __
a Данные общей обработки 20170722d2017 ||| 0rusy0189 ca
101 Язык документа 0_
a Язык текста rus
102 Страна публикации __
a Страна публикации RU
105 Кодированные данные (монография) __
a Кодированные данные (монография) y###||||000|y
200 Заглавие и сведения об ответственности 1_
a Заглавие Алла Пугачева: "Мне никто ничего не принесет на блюдечке"
b Общее обозначение материала Текст
e Сведения, относящиеся к заглавию [интервью с примадонной российской эстрады Аллой Пугачевой]
f Первые сведения об ответственности И. Попельнюхов
300 Общие примечания __
a Общие примечания Ограничения по возрасту - 16+
461 Уровень набора _0
1 2000
a Отдохни
463 Уровень физической единицы _0
1 001RU/CBS_Ul/BASE/546347334
1 2000
a № 16
v С. 10-11
1 210
d 2017
600 Персоналии _0
a Персоналии (Фамилия) Пугачева
b Персоналии (Имя, инициалы) А. Б.
606 Тематические рубрики 0_
a Основная рубрика Пугачева, Алла Борисовна (1949) - Интервью в журнале
610 Ключевые слова 0_
a Ключевые слова певицы
a Ключевые слова российские певицы
a Ключевые слова примадонна
a Ключевые слова российская эстрада
686 Индексы других классификаций __
a Классификационный индекс 85.36
2 Код системы ББК
700 Автор _1
a Фамилия Попельнюхов
b Имя (инициалы) И.
801 Источник записи _0
a Страна RU
b Организация МБУК ЦБС г. Ульяновска
c Дата составления 20170722
g Правила каталогизации RCR
801 Источник записи _1
a Страна RU
b Организация МБУК ЦБС г. Ульяновска
c Дата составления 20170722
g Правила каталогизации RCR
901 Тип документа __
t Тип документа b
w Контрольный № источника RU/CBS_Ul/BASE/546347334
910 Корректоры записи __
a Корректор записи Библиотека 7
938 Служебная информация __
a Имя БД period